[Event "1/128 Finale"]
[Site "www.chess-mail.com"]
[Date "2017.01.31"]
[Round "1"]
[White "Hennie4820"]
[Black "Mitja"]
[WhiteElo "2000"]
[BlackElo "1990"]
[Result "1/2-1/2"]
[Round "1"]
1.e4 d5
2.exd5 Qd8xd5
3.Nb1c3 Qd5d8
4.Ng1f3 e6
5.d4 c6
6.Bf1e2 h6
7.O-O Ng8f6
8.Bc1f4 Nb8d7
9.Qd1d2 Nd7b6
10.Ra1d1 Nb6d5
11.Bf4g3 Qd8b6
12.Nc3xd5 Nf6xd5
13.c4 Nd5f6
14.Bg3h4 Bf8e7
15.a3 Nf6e4
16.Qd2c2 Ne4f6
17.b4 O-O
18.Bh4xf6 Be7xf6
19.d5 cxd5
20.cxd5 exd5
21.Rd1xd5 a6
22.Rf1d1 Bc8e6
23.Rd5d6 Qb6a7
24.h3 Ra8c8
25.Qc2d2 Qa7b8
26.Rd6b6 Qb8c7
27.Rb6d6 Rf8d8
28.Rd6xd8 Rc8xd8
29.Qd2e1 Rd8xd1
30.Qe1xd1 Qc7c3
31.Qd1d3 Qc3c1
32.Kh2 Qc1c7
33.g3 Qc7c8
34.Nf3d4 Be6xh3
35.f3 Bf6xd4
36.Qd3xd4 Bh3e6
37.Qd4d3 Qc8d7
38.Qd3xd7 Be6xd7
39.Kg2 Bd7c6
40.Kf2 g5
41.Ke3 f6
42.Be2c4 Kf8
43.Bc4b3 Ke7
44.f4 Kd6
45.Kd4 b5
46.Ke3 Bc6d5
47.Bb3c2 gxf4
48.Kxf4 Bd5e6
49.Bc2e4 Be6d5
50.Be4c2 Bd5e6
{ draw }
1/2-1/2

[Event "1/128 Finale"]
[Site "www.chess-mail.com"]
[Date "2017.01.31"]
[Round "1"]
[White "Ff333"]
[Black "Emmanuel69"]
[WhiteElo "2070"]
[BlackElo "1830"]
[Result "1-0"]
[Round "1"]
1.e4 c6
2.d4 d5
3.e5 e6
4.Ng1f3 g6
5.Bf1d3 Bf8g7
6.O-O Ng8e7
7.Nb1d2 O-O
8.h3 Rf8e8
9.Nd2b3 Nb8d7
10.c4 dxc4
11.Bd3xc4 Nd7b6
12.Bc4e2 Ne7f5
13.Nf3h2 h6
14.Nh2g4 Nb6d5
15.Be2d3 Kh7
16.Bc1d2 h5
17.Ng4e3 Bg7h6
18.Ne3xd5 exd5
19.Qd1c1 Bh6xd2
20.Qc1xd2 Nf5g7
21.Qd2f4 Bc8f5
22.Bd3e2 g5
23.Qf4d2 Kg6
24.Qd2d1 h4
25.Kh2 Qd8e7
26.g4 Bf5e6
27.Qd1d3 Kh6
28.f4 f5
29.Nb3c5 fxg4
30.fxg5 Kh5
31.Qd3h7 Kxg5
32.Rf1f6 g3
33.Kg2 Be6f5
34.Qh7h6 
1-0

[Event "Eq:Equipo Juan Diaz-La Taverne : "]
[Site "www.chess-mail.com"]
[Date "2017.01.31"]
[Round "1"]
[White "Ilusion"]
[Black "Xkafi"]
[WhiteElo "2210"]
[BlackElo "1930"]
[Result "0-1"]
[Round "1"]
1.d4 d5
2.c4 b6
3.Nb1c3 Bc8b7
4.Ng1f3 dxc4
5.e3 e6
6.Bf1xc4 Ng8f6
7.O-O Bf8d6
8.Qd1e2 { time. }
0-1

[Event "Eq:Equipo Juan Diaz-La Taverne : "]
[Site "www.chess-mail.com"]
[Date "2017.01.31"]
[Round "1"]
[White "Xkafi"]
[Black "Ilusion"]
[WhiteElo "1930"]
[BlackElo "2210"]
[Result "1-0"]
[Round "1"]
1.e4 c5
2.Bf1c4 d6
3.d4 cxd4
4.Qd1xd4 Nb8c6
5.Qd4d5 Bc8e6
6.Qd5d3 Be6xc4
7.Qd3xc4 e6
{ time. }
1-0

[Event "Tourn. n9227"]
[Site "www.chess-mail.com"]
[Date "2017.02.01"]
[Round "1"]
[White "Bojan"]
[Black "Norlavuaram"]
[WhiteElo "2050"]
[BlackElo "2160"]
[Result "1-0"]
[Round "1"]
1.e4 e5
2.Ng1f3 Nb8c6
3.d4 exd4
4.Nf3xd4 Bf8c5
5.Bc1e3 Qd8f6
6.c3 Ng8e7
7.f3 Bc5b6
8.Nb1a3 O-O
9.Na3c4 d6
10.Nc4xb6 axb6
11.Nd4b5 Bc8e6
12.Nb5xc7 Ra8xa2
13.Ra1xa2 Be6xa2
14.Be3xb6 Rf8c8
15.Qd1a4 Ba2e6
16.Bf1e2 Qf6g6
17.O-O Be6h3
18.Rf1f2 Bh3d7
19.Qa4b3 Qg6g5
20.Be2c4 Qg5g6
21.Nc7d5 Ne7xd5
22.Bc4xd5 Qg6g5
23.Bd5xf7 Kf8
24.f4 Qg5xf4
25.Rf2xf4 { resign }
1-0

[Event "Tourn. n9220"]
[Site "www.chess-mail.com"]
[Date "2017.02.01"]
[Round "1"]
[White "Roohbakhsh"]
[Black "Panham"]
[WhiteElo "2180"]
[BlackElo "2120"]
[Result "1-0"]
[Round "1"]
1.d4 Ng8f6
2.c4 e6
3.Ng1f3 b6
4.g3 Bc8b7
5.Bf1g2 Bf8b4
6.Bc1d2 Bb4e7
7.Nb1c3 O-O
8.O-O c5
9.d5 exd5
10.Nf3h4 Qd8c8
11.Nh4f5 Rf8e8
12.Nc3xd5 Nf6xd5
13.cxd5 Be7f6
14.Nf5d6 Qc8d8
15.Nd6xb7 { resign }
1-0

[Event "Tourn. n9179"]
[Site "www.chess-mail.com"]
[Date "2017.02.01"]
[Round "1"]
[White "Orhany24"]
[Black "Norlavuaram"]
[WhiteElo "2230"]
[BlackElo "2070"]
[Result "1-0"]
[Round "1"]
1.e4 e5
2.Ng1f3 Nb8c6
3.Bf1c4 Bf8e7
4.O-O Ng8f6
5.Rf1e1 d6
6.h3 O-O
7.c3 Nc6a5
8.Bc4b5 a6
9.Bb5a4 b5
10.Ba4c2 c5
11.d4 Na5c6
12.d5 Nc6b8
13.Bc1g5 Nb8d7
14.b3 h6
15.Bg5e3 Qd8c7
16.c4 Rf8e8
17.Nb1c3 Ra8b8
18.Ra1b1 Be7f8
19.Qd1d2 Kh7
20.Nf3h2 g6
21.f4 Bf8g7
22.Nh2f3 Nf6g8
23.g4 b4
24.Nc3e2 f6
25.f5 g5
26.Kg2 a5
27.Re1h1 Bg7f8
28.h4 Kg7
29.hxg5 fxg5
30.Be3xg5 Nd7f6
31.Bg5xh6 Kf7
32.g5 Bf8xh6
33.gxh6 Nf6h7
34.Rb1g1 Ng8f6
35.Kf1 Bc8d7
36.Rg1g7 Kf8
37.Nf3g5 Re8e7
38.Ng5xh7 Nf6xh7
39.Rh1g1 Rb8e8
40.Rg7g8 Kf7
41.Rg8g7 Kf8
42.Rg7xh7 Re7xh7
43.Qd2g5 { resign }
1-0

[Event "Tourn. n9077"]
[Site "www.chess-mail.com"]
[Date "2017.02.01"]
[Round "1"]
[White "Witkapje"]
[Black "Pwain"]
[WhiteElo "2480"]
[BlackElo "2400"]
[Result "1-0"]
[Round "1"]
1.d4 d5
2.c4 e6
3.Ng1f3 Bf8e7
4.g3 Ng8f6
5.Bf1g2 O-O
6.O-O Nb8d7
7.Qd1c2 c6
8.Rf1d1 a5
9.Nb1d2 b6
10.e4 Bc8b7
11.e5 Nf6e8
12.cxd5 cxd5
13.Nd2f1 Bb7a6
14.h4 Ra8c8
15.Qc2b1 f6
16.exf6 Nd7xf6
17.Nf3g5 Rc8c6
18.Bc1f4 h6
19.Ng5f3 Be7d6
20.Nf3e5 Rc6c8
21.Bg2h3 Ne8c7
22.Bf4xh6 Bd6xe5
23.Qb1g6 Rf8f7
24.dxe5 Nf6d7
25.Bh6f4 Nd7f8
26.Qg6g4 Nc7e8
27.Nf1e3 Rc8c7
28.h5 Kh8
29.Rd1d2 Qd8e7
30.Ra1d1 Rc7c5
31.Ne3g2 Rc5c4
32.Ng2h4 { resign }
1-0

[Event "Tourn. n9104"]
[Site "www.chess-mail.com"]
[Date "2017.02.01"]
[Round "1"]
[White "Prize640"]
[Black "Norlavuaram"]
[WhiteElo "2420"]
[BlackElo "2170"]
[Result "1-0"]
[Round "1"]
1.e4 e5
2.Ng1f3 Nb8c6
3.Bf1c4 Bf8e7
4.c3 Ng8f6
5.d3 O-O
6.O-O d6
7.Nb1d2 a6
8.Bc4b3 Nc6b8
9.Rf1e1 Nb8c6
10.h3 Nc6b8
11.Nd2f1 Nb8d7
12.Nf1g3 Nd7c5
13.Bb3c2 Nc5d7
14.Ng3f5 Rf8e8
15.Bc1g5 Be7f8
16.Bc2b3 Nd7c5
17.Bb3c2 Nc5e6
18.Bg5c1 c6
19.Nf3g5 h6
20.Ng5f3 Qd8c7
21.Nf3h4 Ne6g5
22.Bc2b3 Bc8e6
23.Bc1xg5 hxg5
24.Nh4f3 g4
25.hxg4 Nf6xg4
26.Nf3g5 Ng4f6
27.Qd1f3 Be6xb3
28.axb3 d5
29.exd5 cxd5
30.Ra1a4 d4
31.cxd4 exd4
32.Re1d1 Qc7c2
33.Ra4xd4 Re8e5
34.Rd1f1 Ra8e8
35.Rd4h4 Qc2e2
36.Qf3h3 Qe2xf1
37.Kh2 { resign }
1-0

[Event "Tourn. n9148"]
[Site "www.chess-mail.com"]
[Date "2017.02.01"]
[Round "1"]
[White "Nulladies"]
[Black "Formargo"]
[WhiteElo "1790"]
[BlackElo "1760"]
[Result "1-0"]
[Round "1"]
1.d4 Ng8f6
2.Bc1f4 g6
3.Ng1f3 Bf8g7
4.e3 O-O
5.Nb1d2 d6
6.c4 Nb8d7
7.Bf1e2 b6
8.O-O Bc8b7
9.d5 Nf6h5
10.Bf4g3 Nh5xg3
11.hxg3 Bg7xb2
12.Ra1b1 Bb2g7
13.Nd2b3 Nd7e5
14.Nf3xe5 dxe5
15.e4 f5
16.exf5 gxf5
17.f4 Qd8d6
18.Be2f3  { time }
1-0

[Event "Tourn. n9034"]
[Site "www.chess-mail.com"]
[Date "2017.02.01"]
[Round "1"]
[White "Fabos12"]
[Black "Osopanda"]
[WhiteElo "2110"]
[BlackElo "2050"]
[Result "1/2-1/2"]
[Round "1"]
1.d4 d5
2.Ng1f3 e6
3.Bc1f4 Bf8d6
4.Bf4xd6 cxd6
5.e3 Nb8c6
6.Nb1d2 f5
7.Bf1b5 Bc8d7
8.O-O Ng8f6
9.a4 O-O
10.Rf1e1 a6
11.Bb5xc6 bxc6
12.a5 Qd8e7
13.c4 c5
14.dxc5 e5
15.cxd6 Qe7xd6
16.Ra1c1 dxc4
17.Nd2xc4 Qd6xd1
18.Re1xd1 Bd7b5
19.Nc4xe5 Nf6e4
20.Nf3d4 Rf8e8
21.Nd4xb5 axb5
22.Ne5c6 Re8e6
23.a6 Ra8xa6
24.Nc6d8 Re6d6
25.Nd8b7 Rd6xd1
26.Rc1xd1 b4
27.f3 Ne4f6
28.Nb7c5 Ra6c6
29.Nc5b3 Rc6c2
30.Rd1d2 Rc2xd2
31.Nb3xd2 Nf6d5
32.Nd2c4 Kf7
33.Kf2 Ke6
34.g4 fxg4
35.fxg4 Nd5f6
36.Kf3 Kd5
37.b3 g5
38.Nc4d2 Ke5
39.Nd2c4 Ke6
40.e4 Nf6d7
41.Ke3 Nd7c5
42.Nc4d2 Ke5
43.Nd2c4 Ke6
44.Nc4d2 Ke5
45.Nd2c4 Ke6
{ draw }
1/2-1/2

[Event "Tourn. n9056"]
[Site "www.chess-mail.com"]
[Date "2017.02.01"]
[Round "1"]
[White "Orhany24"]
[Black "Libiesse"]
[WhiteElo "2220"]
[BlackElo "2050"]
[Result "1-0"]
[Round "1"]
1.e4 c5
2.Ng1f3 e6
3.d4 cxd4
4.Nf3xd4 Ng8f6
5.Bf1d3 Nb8c6
6.Nd4xc6 bxc6
7.c4 Qd8b6
8.O-O d5
9.cxd5 cxd5
10.exd5 Nf6xd5
11.Qd1f3 Bc8b7
12.Qf3g3 Bf8d6
13.Qg3h3 Nd5f6
14.Nb1c3 Ra8c8
15.Ra1b1 O-O
16.Bc1g5 Rf8d8
17.Bg5xf6 gxf6
18.Qh3xh7 Kf8
19.Bd3e4 Ke7
20.g3 Rd8h8
21.Be4xb7 Qb6xb7
22.Qh7d3 Rh8h3
23.Nc3e4 Bd6b8
24.Rb1d1 Rc8h8
25.Ne4c5 Qb7c6
26.Qd3d7 Qc6xd7
27.Rd1xd7 Ke8
28.Rf1d1 f5
29.Rd7d8 Ke7
30.Rd8xh8 Rh3xh8
31.Rd1d7 Kf6
32.Rd7b7 Bb8d6
33.Nc5d7 Kg6
34.Rb7xa7 f4
35.Kg2 fxg3
36.hxg3  { time }
1-0

[Event "Tourn. n9002"]
[Site "www.chess-mail.com"]
[Date "2017.02.01"]
[Round "1"]
[White "Ejner"]
[Black "Nimzo"]
[WhiteElo "2450"]
[BlackElo "2780"]
[Result "0-1"]
[Round "1"]
1.d4 d5
2.c4 e6
3.Nb1c3 Bf8e7
4.Ng1f3 Ng8f6
5.Bc1f4 O-O
6.e3 c5
7.dxc5 Be7xc5
8.Qd1c2 Nb8c6
9.a3 Qd8a5
10.Ra1d1 Rf8e8
11.Nf3d2 e5
12.Bf4g5 Nc6d4
13.Qc2b1 Bc8f5
14.Bf1d3 Bf5xd3
15.Qb1xd3 Nf6e4
16.Nc3xe4 dxe4
17.Qd3xe4 Qa5b6
18.b4 Bc5f8
19.Qe4b1 Nd4e6
20.Bg5h4 a5
21.Bh4g3 axb4
22.axb4 Qb6xb4
23.O-O f6
24.Qb1xb4 Bf8xb4
25.Nd2f3 Re8c8
26.Rd1d7 b6
27.Rd7b7 Ra8a6
28.Rf1d1 Ne6c5
{ resign }
0-1

[Event "Tourn. n9102"]
[Site "www.chess-mail.com"]
[Date "2017.02.01"]
[Round "1"]
[White "Lachouette"]
[Black "Autmich"]
[WhiteElo "1670"]
[BlackElo "1699"]
[Result "0-1"]
[Round "1"]
1.e4 c5
2.Bf1c4 e6
3.d3 Nb8c6
4.Ng1f3 d5
5.exd5 exd5
6.Bc4b5 Qd8a5
7.Nb1c3 d4
8.Bb5xc6 bxc6
9.Bc1d2 dxc3
10.Bd2xc3 Qa5d8
11.Qd1e2 Qd8e7
12.Qe2xe7 Ng8xe7
13.O-O-O Ne7d5
14.Rh1e1 Bc8e6
15.Nf3g5 Nd5xc3
16.bxc3 O-O-O
17.Ng5xe6 fxe6
18.Re1xe6 Bf8d6
19.g3 Kc7
20.Kd2 Rh8e8
21.Rd1e1 Kd7
22.Re6xe8 Rd8xe8
23.Re1xe8 Kxe8
24.f4 Kf7
25.a4 Ke6
26.c4 Kf5
27.Ke3 Kg4
28.d4 Kh3
29.d5 Kxh2
30.dxc6 Kxg3
31.Ke4 Bd6xf4
32.Kd5 h5
33.Kxc5 h4
34.Kb5 h3
35.Ka6 h2
 { time }
0-1

[Event "Tourn. n9057"]
[Site "www.chess-mail.com"]
[Date "2017.02.01"]
[Round "1"]
[White "Romaamor69"]
[Black "Szustan"]
[WhiteElo "2420"]
[BlackElo "2660"]
[Result "0-1"]
[Round "1"]
1.Ng1f3 Nb8c6
2.c4 e5
3.Nb1c3 Ng8f6
4.d3 Bf8b4
5.Bc1d2 O-O
6.g3 Rf8e8
7.Bf1g2 d6
8.O-O Nc6d4
9.Bd2g5 Nd4xf3
10.Bg2xf3 Bb4xc3
11.bxc3 h6
12.Bg5e3 e4
13.Bf3g2 Bc8f5
14.Ra1b1 b6
15.Qd1d2 Qd8d7
16.Be3d4 Nf6h7
17.Bd4e3 Ra8d8
18.Rf1d1 Nh7f6
19.f3 exd3
20.exd3 c5
21.Rb1c1 d5
22.cxd5 Nf6xd5
23.Be3f2 Bf5h3
24.Bg2h1 Re8e6
25.Rd1e1 Re6d6
26.d4 Nd5c7
27.f4 cxd4
28.cxd4 Bh3e6
29.a4 Be6d5
30.Bh1xd5 Nc7xd5
31.a5 b5
32.Re1e5 a6
33.Rc1e1 b4
34.Qd2d3 Rd6c6
35.h4 Qd7c8
36.f5 Rc6c3
37.Qd3e4 Nd5f6
38.Qe4f4 Qc8a8
39.Qf4d2 Nf6g4
40.Re5e4 Ng4xf2
41.Qd2xf2 b3
42.f6 Rc3c2
43.Qf2f4 b2
44.fxg7 Qa8b8
{ resign }
0-1

[Event "Tourn. n9093"]
[Site "www.chess-mail.com"]
[Date "2017.02.01"]
[Round "1"]
[White "Pachi"]
[Black "Azulmarino"]
[WhiteElo "1490"]
[BlackElo "1580"]
[Result "1-0"]
[Round "1"]
1.e4 e5
2.Ng1f3 Nb8c6
3.b3 h6
4.c3 d6
5.Bf1b5 Bc8d7
6.Bb5xc6 Bd7xc6
7.O-O Ng8f6
8.d4 Bc6xe4
9.dxe5 Be4xf3
10.Qd1xf3 dxe5
11.Qf3xb7 Bf8c5
12.Bc1e3 Bc5xe3
13.fxe3 Nf6g4
14.Qb7e4 Qd8c8
15.h3 Ng4f6
16.Qe4xe5 Kf8
17.c4 Qc8b7
18.Nb1c3 Ra8e8
19.Qe5c5 Kg8
20.Nc3d5 Nf6e4
21.Qc5d4 Ne4g3
22.Rf1f2 c6
23.Kh2 Re8e4
24.Qd4d3 Qb7b8
25.Nd5f4 Qb8e8
26.Ra1e1 Ng3f5
27.Rf2f3 Nf5h4
28.Rf3g3 Nh4f5
29.Rg3f3 Re4e5
30.Qd3c3 Qe8e7
31.Nf4h5 f6
32.Nh5f4 Nf5h4
33.Rf3g3 Kh7
34.Qc3d3 Nh4f5
35.Nf4g6 Qe7e8
36.Rg3g4 Nf5xe3
37.Ng6xe5 f5
38.Re1xe3 c5
39.Qd3xf5 Kg8
40.Re3e4 Rh8h7
41.Ne5g6 h5
42.Qf5d5 Qe8f7
43.Qd5d8 { resign }
1-0

[Event "Tourn. n9167"]
[Site "www.chess-mail.com"]
[Date "2017.02.01"]
[Round "1"]
[White "Bojan"]
[Black "Actmy"]
[WhiteElo "2000"]
[BlackElo "2040"]
[Result "0-1"]
[Round "1"]
1.e4 g6
2.d4 Bf8g7
3.c3 d6
4.h4 h5
5.f3 Ng8f6
6.Bf1c4 c6
7.Ng1e2 b5
8.Bc4d3 Nb8d7
9.Bc1e3 a6
10.a4 Ra8b8
11.axb5 axb5
12.Nb1d2 O-O
13.Qd1b3 e5
14.Be3g5 Qd8c7
15.g3 c5
16.Qb3d1 exd4
17.Ne2f4 c4
18.Bd3f1 dxc3
19.bxc3 Nd7c5
20.Qd1c2 Rf8e8
21.Bf1e2 d5
22.Bg5xf6 Bg7xf6
23.Nf4xd5 Qc7xg3
24.Kf1 Bf6xh4
25.Rh1xh4 Qg3xh4
26.Kg1 Qh4g3
27.Kh1 Qg3h3
28.Kg1 Re8e5
29.f4 Qh3g3
30.Kh1 Qg3xf4
31.Nd5xf4 Bc8b7
32.Be2f3 Rb8d8
33.Nf4d5 Nc5d3
34.Nd2f1 Bb7xd5
35.exd5 Rd8d6
36.Ra1a8 Kg7
37.Qc2d2 Rd6f6
38.Bf3g2 h4
39.Kh2 Rf6f2
40.Qd2d1 Re5e2
41.Kh3 Rf2xg2
42.Kxh4 g5
{ resign }
0-1

[Event "Tourn. n9197"]
[Site "www.chess-mail.com"]
[Date "2017.02.01"]
[Round "1"]
[White "Goofy"]
[Black "Jazzy"]
[WhiteElo "2340"]
[BlackElo "2379"]
[Result "1/2-1/2"]
[Round "1"]
1.e4 e5
2.Ng1f3 Nb8c6
3.Bf1c4 Bf8e7
4.d4 d6
5.dxe5 Nc6xe5
6.Nf3xe5 dxe5
7.Qd1xd8 Be7xd8
8.Nb1c3 Ng8f6
9.Bc1e3 c6
10.O-O { draw }
1/2-1/2

[Event "Tourn. n9043"]
[Site "www.chess-mail.com"]
[Date "2017.02.01"]
[Round "1"]
[White "Fabos12"]
[Black "Stepanpech"]
[WhiteElo "2110"]
[BlackElo "2150"]
[Result "0-1"]
[Round "1"]
1.d4 Ng8f6
2.c4 c5
3.d5 b5
4.Ng1f3 g6
5.Bc1f4 d6
6.e3 Bf8g7
7.cxb5 Qd8a5
8.Nb1c3 Nf6e4
9.Ra1c1 Ne4xc3
10.bxc3 Bg7xc3
11.Ke2 Qa5xb5
12.Qd1d3 Bc8a6
13.Qd3xb5 Ba6xb5
14.Kd1 Bb5a4
15.Ke2 Bc3g7
16.Rc1c4 { time. }
0-1

[Event "Tourn. n9138"]
[Site "www.chess-mail.com"]
[Date "2017.02.01"]
[Round "1"]
[White "Numanoid"]
[Black "Jose"]
[WhiteElo "2400"]
[BlackElo "2760"]
[Result "0-1"]
[Round "1"]
1.e4 c5
2.Nb1c3 g6
3.Ng1f3 Bf8g7
4.d4 cxd4
5.Nf3xd4 d6
6.Bf1e2 Ng8f6
7.O-O O-O
8.Bc1g5 Nb8c6
9.Nd4b3 Bc8e6
10.Kh1 Ra8c8
11.f4 a6
12.g4 Nc6a5
13.f5 Be6d7
14.Nb3d2 e6
15.Be2f3 h6
16.Bg5e3 b5
17.fxg6 fxg6
18.a4 b4
19.Nc3a2 Na5c4
20.Nd2xc4 Rc8xc4
21.Qd1d3 Qd8c7
22.c3 Bd7xa4
23.Na2xb4 Ba4b5
{ resign }
0-1

[Event "Tourn. n9230"]
[Site "www.chess-mail.com"]
[Date "2017.02.01"]
[Round "1"]
[White "Actmy"]
[Black "Bojan"]
[WhiteElo "2230"]
[BlackElo "2020"]
[Result "1-0"]
[Round "1"]
1.d4 d5
2.Ng1f3 g6
3.Bc1f4 Bf8g7
4.e3 a6
5.c4 c6
6.Nb1c3 dxc4
7.Bf1xc4 b5
8.Bc4b3 Nb8d7
9.Bb3xf7 Kxf7
10.Nf3g5 Kf8
11.Ng5e6 { resign }
1-0

[Event "Tourn. n9156"]
[Site "www.chess-mail.com"]
[Date "2017.02.01"]
[Round "1"]
[White "Greghghs"]
[Black "Sachpat"]
[WhiteElo "2390"]
[BlackElo "2590"]
[Result "1/2-1/2"]
[Round "1"]
1.d4 Ng8f6
2.c4 e6
3.Ng1f3 b6
4.g3 Bc8a6
5.b3 Bf8b4
6.Bc1d2 Bb4e7
7.Bf1g2 d5
8.cxd5 exd5
9.O-O O-O
10.Nb1c3 Nb8d7
11.Qd1c2 Ra8c8
12.Ra1d1 Rf8e8
13.Qc2b2 c6
14.Rf1e1 Be7f8
15.Bg2h3 h6
16.a4 Rc8a8
17.Nf3h4 Ba6c8
18.Qb2c2 Nd7b8
19.Bh3xc8 Qd8xc8
20.e4 dxe4
21.Nc3xe4 Nf6xe4
22.Re1xe4 Nb8a6
23.Rd1c1 Bf8b4
24.Nh4f5 Bb4xd2
25.Re4xe8 Qc8xe8
26.Qc2xd2 Qe8e4
27.Qd2c2 Qe4xc2
28.Rc1xc2 { draw }
1/2-1/2

[Event "Tourn. n9167"]
[Site "www.chess-mail.com"]
[Date "2017.02.01"]
[Round "1"]
[White "Actmy"]
[Black "Hippomoomoo"]
[WhiteElo "2040"]
[BlackElo "2270"]
[Result "1-0"]
[Round "1"]
1.e4 c6
2.Ng1f3 d5
3.Nb1c3 Ng8f6
4.e5 Nf6g8
5.d4 e6
6.Bc1f4 f6
7.Bf1d3 g5
8.Bf4g3 f5
9.h3 f4
10.Bg3h2 c5
11.dxc5 Bf8xc5
12.h4 g4
13.Nf3g5 Qd8b6
14.Qd1xg4 Qb6xb2
15.Qg4h5 Kd7
16.Qh5f7 Kd8
17.O-O Qb2xc3
18.Qf7g7 Nb8c6
19.Qg7xh8 Nc6e7
20.Bh2xf4 h6
21.Ng5f7 Kc7
22.Ra1b1 b6
23.Nf7d6 a6
24.Bd3h7 Qc3a5
25.Bh7xg8 Bc8d7
26.Qh8xh6 Ne7xg8
27.Qh6g7 Qa5xa2
28.Rb1a1 Qa2b2
29.Bf4e3 d4
30.Be3g5 Qb2b4
31.Rf1b1 Bc5xd6
32.Rb1xb4 Bd6xb4
33.Ra1d1 Bb4c5
34.c3 Ra8e8
35.cxd4 Bc5e7
36.Rd1c1 Kd8
37.d5 Be7xg5
38.Qg7xg5 Ng8e7
39.d6 a5
40.h5 a4
41.h6 a3
42.h7 Bd7c6
43.h8Q Kc8
44.Qg5xe7 Kb8
45.Qe7c7 Ka8
46.Qc7xc6 { resign }
1-0

[Event "Tourn. n9036"]
[Site "www.chess-mail.com"]
[Date "2017.02.01"]
[Round "1"]
[White "Lachouette"]
[Black "Autmich"]
[WhiteElo "1579"]
[BlackElo "999"]
[Result "0-1"]
[Round "1"]
1.e4 c5
2.Bf1c4 e6
3.d3 Nb8c6
4.Nb1c3 Nc6a5
5.Bc4b3 Na5xb3
6.axb3 d5
7.exd5 exd5
8.Nc3e2 Ng8f6
9.Ng1f3 Bc8g4
10.h3 Bg4xf3
11.gxf3 Bf8e7
12.Bc1g5 O-O
13.Qd1d2 Nf6h5
14.Bg5xe7 Qd8xe7
15.O-O-O b5
16.Ne2g3 Nh5f6
17.c3 a5
18.Rd1e1 Qe7b7
19.Kc2 d4
20.c4 bxc4
21.dxc4 Rf8b8
22.Qd2d3 a4
23.b4 Qb7xb4
24.Re1b1 Qb4b3
25.Qd3xb3 Rb8xb3
26.Ng3e4 Nf6xe4
27.fxe4 Rb3f3
28.Rh1f1 Rf3xh3
29.b4 Rh3c3
30.Kd2 Rc3xc4
31.bxc5 Rc4xc5
32.Rf1c1 Rc5xc1
33.Kxc1 a3
34.Rb1a1 a2
35.Kb2 d3
36.Kc3 h5
37.Kxd3 h4
38.f4 Kh7
39.Ke3 Kh6
40.Kf3 Kh5
41.Kg2 Kg4
42.f5 f6
 { time }
0-1

[Event "Tourn. n9070"]
[Site "www.chess-mail.com"]
[Date "2017.02.01"]
[Round "1"]
[White "Roque1"]
[Black "Falcoale"]
[WhiteElo "1800"]
[BlackElo "1850"]
[Result "0-1"]
[Round "1"]
1.e4 c5
2.Ng1f3 Nb8c6
3.Bf1b5 e6
4.Bb5xc6 bxc6
5.d4 cxd4
6.Nf3xd4 Bc8a6
7.Bc1e3 Ng8f6
8.Nb1c3 Bf8b4
9.Nd4e2 Nf6xe4
10.O-O Ne4xc3
11.bxc3 Ba6xe2
12.Qd1xe2 Bb4xc3
13.Ra1b1 O-O
14.Qe2g4 d5
15.Rb1b3 Bc3f6
16.Rf1b1 Qd8a5
17.Be3h6 Qa5xa2
18.h3 Qa2xc2
19.Rb1b2 Bf6xb2
20.Rb3g3 Qc2g6
21.Qg4h4 Qg6b1
22.Kh2 Bb2e5
23.Qh4g4 Qb1g6
24.f4 Be5f6
25.Bh6g5 Bf6xg5
26.fxg5 a5
27.h4 a4
28.Rg3a3 Qg6f5
29.Qg4g3 c5
30.Qg3c3 c4
31.Qc3b4 Qf5e5
32.g3 Rf8b8
33.Qb4c5 Rb8c8
34.Qc5b4 Rc8b8
35.Qb4c5 Qe5b2
36.Kh3 Rb8b3
37.Ra3xa4 Rb3xg3
38.Kxg3 Qb2b3
39.Kf4 Qb3xa4
40.Ke5 Qa4a7
41.Qc5b4 Qa7b8
{ resign }
0-1

[Event "Match"]
[Site "www.echecsemail.com"]
[Date "2017.02.01"]
[Round "1"]
[White "Cal"]
[Black "Pdebonis"]
[WhiteElo "1550"]
[BlackElo "1499"]
[Result "0-1"]
[Round "1"]
1.c4 e5
2.e4 Bf8c5
3.Ng1f3 Nb8c6
4.a3 a5
5.d3 d6
6.Nb1c3 f5
7.exf5 Bc8xf5
8.Bf1e2 Ng8f6
9.Bc1g5 O-O
10.O-O Qd8d7
11.h3 Bf5xh3
12.Nf3h4 Bh3g4
13.Bg5xf6 Bg4xe2
14.Qd1xe2 Rf8xf6
15.Nc3e4 Rf6f4
16.g3 Qd7h3
17.gxf4 Qh3xh4
18.Ne4g5 h6
19.Ng5f3 Qh4g4
20.Kh2 Ra8f8
21.Rf1g1 Qg4h5
22.Kg2 Rf8xf4
23.Kf1 Rf4xf3
24.b4 Rf3xf2
25.Qe2xf2 Bc5xf2
26.Kxf2 Qh5h2
27.Rg1g2 Qh2f4
28.Kg1 Qf4d4
29.Kh2 Qd4xa1
30.b5 Nc6d4
31.Kh3 Qa1xa3
32.Rg2g3 Nd4e2
33.Rg3e3 Ne2f4
34.Kg4 Qa3c1
35.Re3f3 Qc1d1
36.Kg3 Qd1g1
37.Kh4 g5

0-1

[Event "Match"]
[Site "www.echecsemail.com"]
[Date "2017.02.01"]
[Round "1"]
[White "Manuelito"]
[Black "Winston"]
[WhiteElo "1690"]
[BlackElo "1480"]
[Result "0-1"]
[Round "1"]
1.d4 d5
2.e3 c5
3.dxc5 Nb8c6
4.a3 e5
5.c4 dxc4
6.Bf1xc4 Qd8xd1
7.Kxd1 Bf8xc5
8.Ke2 Ng8f6
9.b4 Bc5b6
10.Nb1c3 O-O
11.Bc1b2 Bc8g4
12.f3 Bg4h5
13.e4 Rf8d8
14.Ng1h3 h6
15.Ra1d1 Rd8xd1
16.Rh1xd1 Ra8d8
17.Rd1xd8 Bb6xd8
18.Nc3d5 Nf6xe4
19.Ke3 Ne4f6
20.Nd5xf6 Bd8xf6
21.f4 Bh5g6
22.Bc4d5 exf4
23.Nh3xf4 Bf6xb2
24.Nf4xg6 Bb2xa3
25.b5 Nc6d8
26.Ke4 b6
27.Ng6e7 Ba3xe7
28.g4 Nd8e6
29.Bd5xe6 fxe6
30.Ke5 Kf7
31.h3 g5
32.Ke4 Kf6
33.Kd4 Be7c5
34.Ke4 a5
{ resign }
0-1

[Event "Match"]
[Site "www.echecsemail.com"]
[Date "2017.02.01"]
[Round "1"]
[White "Numanoid"]
[Black "Jobeye"]
[WhiteElo "2430"]
[BlackElo "2269"]
[Result "1-0"]
[Round "1"]
1.g4 d5
2.Bf1g2 Bc8xg4
3.c4 Bg4e6
4.Qd1b3 Be6c8
5.cxd5 a5
6.Nb1c3 Nb8d7
7.d4 Ra8a6
8.Bc1f4 c6
9.e3 Qd8b6
10.Qb3c2 e6
11.dxe6 fxe6
12.Ng1e2 Ng8f6
13.O-O Qb6a7
14.e4 Bf8b4
15.a3 Bb4xc3
16.bxc3 O-O
17.Bf4d6 Rf8f7
18.Ne2f4 Nd7b6
19.Qc2a2 Nb6a4
20.Rf1c1 c5
21.Nf4xe6 Ra6xd6
22.Ne6g5 b5
23.e5 c4
24.Ng5xf7 Qa7xf7
25.exd6 Qf7g6
26.Qa2e2 Bc8h3
27.Qe2f3 Bh3g4
28.Qf3a8 Nf6e8
29.Rc1e1 Bg4d7
30.Re1xe8 Bd7xe8
31.d7 Kf8
32.dxe8Q Qg6xe8
33.Qa8xe8 Kxe8
34.Bg2c6 Kf8
35.Ra1c1  { time }
1-0

[Event "Match"]
[Site "www.echecsemail.com"]
[Date "2017.02.01"]
[Round "1"]
[White "Silent1"]
[Black "Pdebonis"]
[WhiteElo "1900"]
[BlackElo "2049"]
[Result "0-1"]
[Round "1"]
1.d4 Ng8f6
2.c4 e6
3.Nb1c3 Bf8b4
4.Bc1d2 O-O
5.e3 b6
6.Bf1d3 Bc8b7
7.Ng1f3 Bb4xc3
8.Bd2xc3 Nf6e4
9.Bd3xe4 Bb7xe4
10.O-O d5
11.cxd5 Qd8xd5
12.Rf1e1 Nb8c6
13.a3 f5
14.b4 f4
15.exf4 Rf8xf4
16.Re1e3 Ra8f8
17.Qd1d2 Be4xf3
18.g3 Bf3h1
{ resign }
0-1

[Event "Match"]
[Site "www.echecsemail.com"]
[Date "2017.02.01"]
[Round "1"]
[White "Winston"]
[Black "Olddog55"]
[WhiteElo "1319"]
[BlackElo "1800"]
[Result "1-0"]
[Round "1"]
1.e4 e5
2.Ng1f3 Ng8f6
3.Nf3xe5 Bf8d6
4.Ne5c4 Nf6xe4
5.d3 Ne4g5
6.Nc4xd6 cxd6
7.Bc1xg5 Qd8xg5
8.Qd1f3 Qg5e5
9.Qf3e4 b6
10.Nb1c3 O-O
11.O-O-O Nb8c6
12.Rd1e1 Bc8b7
13.Qe4g4 Qe5c5
14.Bf1e2 Nc6e5
15.Qg4g3 b5
16.d4 Qc5xd4
17.Be2xb5 Bb7c6
18.Re1d1 Qd4b4
19.a3 Qb4c5
20.Bb5a4 d5
21.Qg3xe5 Ra8c8
22.Ba4xc6 Rc8xc6
23.Qe5xd5 Qc5xf2
24.Qd5xd7 Qf2xg2
25.Rh1e1 Rc6c8
26.Re1e2 Qg2f3
27.Qd7xa7 Qf3f4
28.Kb1 Rc8a8
29.Qa7e3 Qf4b8
30.Rd1e1 h6
31.Nc3d5 Qb8b7
32.Qe3b3 Qb7c6
33.Nd5e7 { resign }
1-0

[Event "Match"]
[Site "www.echecsemail.com"]
[Date "2017.02.01"]
[Round "1"]
[White "Pwain"]
[Black "Jobeye"]
[WhiteElo "2400"]
[BlackElo "1809"]
[Result "1-0"]
[Round "1"]
1.e4 e5
2.Ng1f3 Ng8f6
3.Nf3xe5 Qd8e7
4.Ne5f3 Qe7xe4
5.Bf1e2 Nb8c6
6.O-O Nc6d4
7.Rf1e1 Bf8e7
8.Nb1c3 Nd4xf3
9.Be2xf3 Qe4b4
10.Qd1e2 c6
11.a3 Qb4d6
12.d3 Qd6e6
13.Qe2d1 Qe6d6
14.g3 O-O
15.Bc1f4 Qd6c5
16.d4 Qc5b6
17.Re1xe7 Qb6xb2
18.Re7e3 Rf8e8
19.Nc3e4 Nf6xe4
20.Bf3xe4 g6
21.Re3b3  { time }
1-0

[Event "1/64 Finale"]
[Site "www.chess-mail.com"]
[Date "2017.02.01"]
[Round "1"]
[White "Nimzo"]
[Black "Papaours"]
[WhiteElo "2610"]
[BlackElo "2350"]
[Result "1-0"]
[Round "1"]
1.d4 f5
2.g3 Ng8f6
3.Bf1g2 e6
4.Ng1f3 Bf8e7
5.O-O O-O
6.c4 d6
7.Nb1c3 Nf6e4
8.Qd1c2 Ne4xc3
9.Qc2xc3 a5
10.Rf1e1 Nb8c6
11.e4 e5
12.exf5  { time }
1-0

[Event "1/32 Finale"]
[Site "www.chess-mail.com"]
[Date "2017.02.01"]
[Round "1"]
[White "Hennie4820"]
[Black "Papaours"]
[WhiteElo "2040"]
[BlackElo "2350"]
[Result "1-0"]
[Round "1"]
1.e4 c5
2.Ng1f3 Nb8c6
3.d4 cxd4
4.Nf3xd4 e5
5.Nd4b5 d6
6.c4 Bf8e7
7.Nb1c3 a6
8.Nb5a3 f5
9.Bf1d3 f4
10.O-O Ng8h6
11.Qd1h5 Nh6f7
12.g3  { time }
1-0

[Event "1/128 Finale"]
[Site "www.chess-mail.com"]
[Date "2017.02.01"]
[Round "1"]
[White "Curtis73"]
[Black "Pdebonis"]
[WhiteElo "1719"]
[BlackElo "2330"]
[Result "0-1"]
[Round "1"]
1.e4 e5
2.f4 exf4
3.Ng1f3 g5
4.d4 g4
5.Nf3e5 Qd8h4
6.g3 fxg3
7.Qd1xg4 Qh4xg4
8.Ne5xg4 Nb8c6
9.c3 d5
10.Ng4e5 Nc6xe5
11.dxe5 gxh2
12.exd5 Ng8e7
13.Bf1g2 Bc8f5
14.Bc1f4 Rh8g8
15.Rh1xh2 O-O-O
16.c4 Ne7g6
17.Bf4g5 Rd8e8
18.Nb1c3 Ng6xe5
{ resign }
0-1